000 00889nam a2200289 i 4500
001 53906
003 ES-MaACL
005 20240611121248.0
007 t|
008 031118s2002 sp ||||0| spa d
020 _a84-233-3446-5
080 _a94(648)"1884/1975"
080 _a32(648)"1975/..."
100 1 _aBárbulo, Tomás.
_925486
245 1 3 _aLa historia prohibida del Sahara español /
_cTomás Bárbulo.
250 _a1ª ed.
260 _aBarcelona :
_bDestino,
_c2002.
300 _a346 p :
_bil ;
_c23 cm.
490 1 _aImago mundi ;
_v21
504 _aBibliografía: p. 333-[336]
651 4 _aSahara occidental-
_xHistoria-
_y1884-1975.
_99348
651 4 _aSahara occidental-
_xPolítica y gobierno-
_y1975-
_99349
830 1 0 _aImago mundi (Barcelona) ;
_v21
_9236939
852 _aES-MaACL
_jL-26708
942 _2udc
999 _c53906
_d53906